Der Brief an die Epheser
-д хадгалсан:
| Үндсэн зохиолч: | |
|---|---|
| Формат: | Ном |
| Хэл сонгох: | герман |
| Хэвлэсэн: |
Wurzburgo
Echter
1982
|
| Хэвлэл: | 1a. ed |
| Цуврал: | OTK, 10
GTB, 509 |
| Нөхцлүүд: | |
| Шошгууд: |
Шошго нэмэх
Шошго байхгүй, Энэхүү баримтыг шошголох эхний хүн болох!
|
MARC
| LEADER | 00000cam a2200000 a 4500 | ||
|---|---|---|---|
| 001 | UCE8081 | ||
| 003 | CL-VaPUC | ||
| 008 | 150728e19820000gw |||||||||||||||||ger|d | ||
| 020 | |a 3579048392 | ||
| 082 | 0 | 4 | |a 227.5 |b MUS |2 21 |
| 100 | |a Mussner, Franz |e verfasser |9 580786 | ||
| 245 | 1 | 4 | |a Der Brief an die Epheser |
| 250 | |a 1a. ed | ||
| 300 | |a 182 p | ||
| 942 | |c BK | ||
| 945 | |d 20150728 02:04:00 |a dcastane | ||
| 260 | |a Wurzburgo |b Echter |c 1982 | ||
| 650 | 0 | |a Epístolas |9 321181 | |
| 650 | 0 | |a Nuevo testamento |9 257604 | |
| 650 | 7 | |a EFESIOS |2 CL-VaPUC |9 471242 | |
| 583 | |a last modification |c 20150728 02:04:00 |k Rodrigo Vera | ||
| 490 | 0 | |a OTK, 10 | |
| 490 | 0 | |a GTB, 509 | |
| 999 | |c 360031 |d 360029 | ||
| 952 | |0 0 |1 0 |3 erb |4 0 |6 227_500000000000000_MUS_1982 |7 0 |8 A |9 469657 |a BIBTEO |b BIBTEO |e Casale Rolle, Carlos Ignacio, -2014 |i 5184673 |o 227.5 MUS 1982 |p 5184673 |r 2025-01-17 |w 2019-11-23 |y BK |z Catalogado en:20150728 |k ICR | ||